00646nam a2200181Ia 4500008004100000020001800041041000800059082001600067100002200083245005900105260005000164300000900214500002100223650002500244700002200269999001700291952015600308230125s9999 xx 000 0 und d a81-7512-004-5 aeng a658.81bMOR aMortell A9114021 aWorld Class SellingbHow To Turn Adverity Into Success c1995bGlobal business publicationsaNew Delhi a223p aSales management aMarketing Management aMortell A9114021 c91300d91300 00104070aHIMRbHIMRd1998-08-19ePradeep Book Depotg295.00l0o658.81 MOR B01121pHIMR-BK-1121r2023-01-25 00:00:00v295.00w1998-08-19yBKzB01121